[Event "60o Campeonato Brasileiro Feminino Final Aberta"]
[Site "Cuiaba MT"]
[Date "2021.11.01"]
[Round "7"]
[Board "13"]
[White "Do Amaral Vailant, Helena Kether"]
[Black "De Souza, Eliana Aparecida"]
[Result "1/2-1/2"]
[WhiteElo "1414"]
[BlackElo "1673"]
[PlyCount "133"]
[EventDate "2021.10.28"]
[EventRounds "11"]
[EventCountry "BRA"]

1. e4 c5 2. Nc3 Nc6 3. Bb5 Nd4 4. Bc4 e6 5. Nge2 Nf6 6. d3 a6 7. Nxd4 cxd4 8.
Ne2 e5 9. Ng3 d5 10. exd5 Nxd5 11. Qf3 Nf6 12. Ne4 Bb4+ 13. c3 dxc3 14. bxc3
Be7 15. Nxf6+ Bxf6 16. Bg5 O-O 17. Bxf6 Qxf6 18. Qxf6 gxf6 19. Rb1 Rb8 20. Bxa6
Ra8 21. Bc4 Rd8 22. Rb2 b5 23. Rxb5 Ba6 24. Rb2 Bxc4 25. dxc4 Rdc8 26. Kd2 Rxc4
27. Rc1 Kf8 28. Kd3 Rca4 29. Rcc2 h5 30. c4 Ra3+ 31. Ke4 Rd8 32. Rd2 Rc8 33.
Kf5 Kg7 34. f4 exf4 35. Rd4 f3 36. gxf3 Rxf3+ 37. Ke4 Ra3 38. Rg2+ Kf8 39. Rc2
Rc5 40. Rd5 Rca5 41. Rxa5 Rxa5 42. c5 Ke8 43. Kf5 Ke7 44. Re2+ Kf8 45. Kxf6
Rxc5 46. a4 Ra5 47. Ra2 h4 48. h3 Ke8 49. Re2+ Kf8 50. Re4 Rh5 51. Rb4 Rh6+ 52.
Kg5 Rg6+ 53. Kf5 Ra6 54. Rxh4 Ra5+ 55. Kf6 Ra6+ 56. Ke5 Ke7 57. Kd5 Kd7 58. Kc5
Kc7 59. Rh7 Rxa4 60. Rxf7+ Kd8 61. Rh7 Ke8 62. Kb5 Rf4 63. Kc5 Kf8 64. Kd5 Kg8
65. Ke5 Rf3 66. Rh4 Kg7 67. Ke4  1/2-1/2

[Event "60o Campeonato Brasileiro Feminino Final Aberta"]
[Site "Cuiaba MT"]
[Date "2021.11.01"]
[Round "7"]
[Board "15"]
[White "Oliveira, Emanuelle Alves"]
[Black "Montes, Sofia"]
[Result "0-1"]
[WhiteElo "1683"]
[BlackElo "1836"]
[PlyCount "110"]
[EventDate "2021.10.28"]
[EventRounds "11"]
[EventCountry "BRA"]

1. d4 d5 2. Bf4 Nf6 3. e3 c5 4. c3 Nc6 5. Nd2 Qb6 6. b3 Bf5 7. Ngf3 e6 8. Nh4
Be4 9. f3 Bg6 10. Nxg6 hxg6 11. Be5 Nxe5 12. dxe5 Nd7 13. f4 d4 14. Nc4 Qc6 15.
cxd4 b5 16. Nb2 cxd4 17. Qxd4 Bc5 18. Qc3 Qe4 19. Ke2 Bb4 20. Qd3 Qc6 21. a3
Ba5 22. b4 Bb6 23. h3 Rd8 24. Qb3 a5 25. Nd3 a4 26. Qb2 Qe4 27. Qd2 Nb8 28. Kf2
Qxf4+ 29. Nxf4 Rxd2+ 30. Ke1 Bxe3 31. Bxb5+ Ke7 32. Ne2 Rh5 33. Bxa4 Rxe5 34.
Bd1 Nc6 35. g4 Nd4 36. Nxd4 Rxd4 37. Rh2 Bd2+ 38. Kf2 Be1+ 39. Kg1 Bg3 40. Re2
Rxd1+ 41. Rxd1 Rxe2 42. Rd3 Bf4 43. Kf1 Re3 44. Rxe3 Bxe3 45. Ke2 Ba7 46. Kd3
Kd6 47. Ke4 f6 48. a4 Kc6 49. h4 Bf2 50. h5 gxh5 51. gxh5 Be1 52. Kf4 Bxb4 53.
Ke4 Kc5 54. Kd3 f5 55. Ke3 e5  0-1

[Event "60o Campeonato Brasileiro Feminino Final Aberta"]
[Site "Cuiaba MT"]
[Date "2021.11.01"]
[Round "7"]
[Board "16"]
[White "Penha, Evelyn Maximiano"]
[Black "Campagnolo, Fabiola"]
[Result "1/2-1/2"]
[WhiteElo "1672"]
[BlackElo "1677"]
[PlyCount "51"]
[EventDate "2021.10.28"]
[EventRounds "11"]
[EventCountry "BRA"]

1. e4 c5 2. Nc3 e6 3. f4 d5 4. Nf3 dxe4 5. Nxe4 Nf6 6. Nxf6+ Qxf6 7. d4 Nc6 8.
Bb5 Bd7 9. d5 exd5 10. Qxd5 Qe7+ 11. Kf2 O-O-O 12. Re1 Be6 13. Qe4 Nd4 14. Nxd4
Rxd4 15. Qf3 g6 16. c3 Rd8 17. Bf1 Qc7 18. Be3 h5 19. Red1 Bh6 20. h3 Bd7 21.
Bc4 Bc6 22. Bd5 Bxd5 23. Rxd5 Rxd5 24. Qxd5 Bxf4 25. Qxc5 Qxc5 26. Bxc5  1/2-1/2

[Event "60o Campeonato Brasileiro Feminino Final Aberta"]
[Site "Cuiaba MT"]
[Date "2021.11.01"]
[Round "7"]
[Board "17"]
[White "Bokhonok, Tatiana Dos Santos Spin"]
[Black "Muraoka, Karoline Aimy"]
[Result "1-0"]
[WhiteElo "1230"]
[BlackElo "1821"]
[PlyCount "131"]
[EventDate "2021.10.28"]
[EventRounds "11"]
[EventCountry "BRA"]

1. d4 Nf6 2. Bf4 g6 3. e3 Bg7 4. Nf3 d6 5. h3 O-O 6. Bh2 Nbd7 7. Be2 c5 8. c3
a6 9. a4 Ne8 10. Nbd2 f5 11. Qb3+ Kh8 12. Ng5 Ndf6 13. Nf7+ Rxf7 14. Qxf7 cxd4
15. cxd4 d5 16. Bf3 Nd6 17. Bxd6 Qxd6 18. Bxd5 Qxd5 19. Qxd5 Nxd5 20. Rc1 Bd7
21. b3 Rc8 22. O-O b5 23. Rxc8+ Bxc8 24. Rc1 Bd7 25. Rc5 e6 26. axb5 axb5 27.
Nf3 Bf8 28. Rc1 Bd6 29. Ra1 Bc6 30. Ng5 Kg7 31. Nxe6+ Kf6 32. Nd8 Bd7 33. Ra7
Bc7 34. Ra6+ Ke7 35. Nc6+ Bxc6 36. Rxc6 Kd7 37. Rc5 Kd6 38. Kf1 Bb6 39. Rc1 Kd7
40. Ke2 h5 41. Ra1 Nc7 42. f3 h4 43. Kd3 g5 44. e4 f4 45. Rc1 Ne6 46. d5 Nc5+
47. Kc3 Kd6 48. b4 Nd7 49. Kb3 Ne5 50. Rc8 Bc7 51. Rg8 Nc6 52. Rg6+ Ke5 53. Kc3
Nd8 54. Rxg5+ Kf6 55. Rg4 Be5+ 56. Kd3 Nf7 57. Rxh4 Kg5 58. Rg4+ Kf6 59. Rg8
Bd6 60. Kc3 Be5+ 61. Kb3 Bd6 62. Re8 Be5 63. Re6+ Kg5 64. h4+ Kxh4 65. Rb6 Kg3
66. Rg6+ {erro na notaÃƒÂ
ÃƒÂ£o}  1-0

[Event "60o Campeonato Brasileiro Feminino Final Aberta"]
[Site "Cuiaba MT"]
[Date "2021.11.01"]
[Round "7"]
[Board "18"]
[White "Mayara Sibowicz, Giovanna"]
[Black "Bonfim, Regina Rodrigues"]
[Result "0-1"]
[WhiteElo "1683"]
[BlackElo "1702"]
[PlyCount "68"]
[EventDate "2021.10.28"]
[EventRounds "11"]
[EventCountry "BRA"]

1. e4 c5 2. Nf3 d6 3. d4 cxd4 4. Nxd4 Nf6 5. Nc3 a6 6. Be2 e6 7. O-O Nc6 8. Kh1
Be7 9. f4 Qc7 10. Be3 O-O 11. Bf3 Rb8 12. Qd2 Bd7 13. Rab1 b5 14. Nxc6 Bxc6 15.
e5 dxe5 16. fxe5 Bxf3 17. Rxf3 Rbd8 18. Qf2 Qxe5 19. Bf4 Qc5 20. Be3 Qd6 21.
Rg3 Kh8 22. a3 Qc6 23. Re1 Rd7 24. Rh3 Ng4 25. Qe2 Nxe3 26. Qxe3 Rfd8 27. Rf3
Bf8 28. Qf2 Kg8 29. Ne4 f5 30. Ng5 Rd1 31. Qe2 R8d2 32. Qe5 Qd6 33. Qg3 Qxg3
34. Rxd1 Rxd1+  0-1

[Event "60o Campeonato Brasileiro Feminino Final Aberta"]
[Site "Cuiaba MT"]
[Date "2021.11.01"]
[Round "7"]
[Board "20"]
[White "Braga, Debora Abade"]
[Black "Silveira, Celissa Franco Godoy D"]
[Result "1-0"]
[WhiteElo "1480"]
[BlackElo "1810"]
[PlyCount "93"]
[EventDate "2021.10.28"]
[EventRounds "11"]
[EventCountry "BRA"]

1. d4 d5 2. e3 Nf6 3. Bd3 Nc6 4. f4 Bg4 5. Nf3 e6 6. c3 Bd6 7. Nbd2 O-O 8. O-O
Ne7 9. Qe1 c5 10. Ne5 Bf5 11. Qe2 Ne4 12. Bb1 Ng6 13. g4 Nxd2 14. gxf5 Nxf1 15.
fxg6 fxg6 16. Qxf1 Bxe5 17. dxe5 Qh4 18. Bc2 c4 19. Qf2 Qh5 20. Bd2 g5 21. Qg3
gxf4 22. exf4 Rf7 23. h3 Raf8 24. Qg4 Qxg4+ 25. hxg4 h6 26. Bg6 Rd7 27. Be3 a5
28. Rf1 Ra8 29. Bc5 Ra6 30. Bd6 Rb6 31. Rf2 Ra6 32. Kg2 b5 33. f5 exf5 34. Bxf5
Rdxd6 35. exd6 Rxd6 36. Rd2 Kf7 37. Kg3 g6 38. Be4 Ke6 39. Bxg6 Ke5 40. Bf5 b4
41. Kf3 bxc3 42. bxc3 Rb6 43. Bd7 Rf6+ 44. Ke3 Rf4 45. Rh2 d4+ 46. cxd4+ Rxd4
47. Rh5+  1-0

[Event "60o Campeonato Brasileiro Feminino Final Aberta"]
[Site "Cuiaba MT"]
[Date "2021.11.01"]
[Round "7"]
[Board "21"]
[White "Dull, Amanda Paul"]
[Black "Moraes Silva, Natasha Alejandra"]
[Result "1-0"]
[WhiteElo "1847"]
[BlackElo "1436"]
[PlyCount "43"]
[EventDate "2021.10.28"]
[EventRounds "11"]
[EventCountry "BRA"]

1. d4 d5 2. Bf4 Bf5 3. e3 Nf6 4. Nf3 e6 5. c4 c6 6. cxd5 cxd5 7. Bxb8 Qa5+ 8.
Nc3 Rxb8 9. Bb5+ Nd7 10. Ne5 Rd8 11. O-O Bd6 12. Nxd7 Rxd7 13. Rc1 g5 14. Qh5
Qd8 15. Bxd7+ Qxd7 16. Nb5 Bb8 17. Qxg5 a6 18. Qg7 Rf8 19. Na3 Ke7 20. Rc3 Qd6
21. g3 Qb4 22. Rb3  1-0

[Event "60o Campeonato Brasileiro Feminino Final Aberta"]
[Site "Cuiaba MT"]
[Date "2021.11.02"]
[Round "8"]
[Board "1"]
[White "De Freitas, Isabella Ribeiro Conti"]
[Black "Terao, Juliana Sayumi"]
[Result "0-1"]
[WhiteElo "1863"]
[BlackElo "2252"]
[PlyCount "78"]
[EventDate "2021.10.28"]
[EventRounds "11"]
[EventCountry "BRA"]

1. c4 e5 2. g3 Nc6 3. Bg2 g6 4. Nc3 Bg7 5. Nf3 d6 6. Rb1 f5 7. d3 h6 8. e4 Nf6
9. Nh4 Ne7 10. exf5 g5 11. Ng6 Nxg6 12. fxg6 O-O 13. h4 g4 14. h5 c6 15. Bd2
Bf5 16. Be4 Qd7 17. Qc1 d5 18. Bxf5 Qxf5 19. Bxh6 Nxh5 20. Qg5 Qxf2+ 21. Kd1
Qf3+ 22. Kc2 dxc4 23. dxc4 Qf5+ 24. Qxf5 Rxf5 25. Bxg7 Kxg7 26. Ne4 Rd8 27. b3
Rd4 28. Rbe1 Kxg6 29. Rh4 Nf6 30. Nxf6 Kxf6 31. Re2 Kg6 32. Re3 c5 33. Rh2 b6
34. Rhe2 Kf6 35. a3 Rd7 36. b4 Rd4 37. Kc3 Rf3 38. bxc5 bxc5 39. Kb3 Re4  0-1

[Event "60o Campeonato Brasileiro Feminino Final Aberta"]
[Site "Cuiaba MT"]
[Date "2021.11.02"]
[Round "8"]
[Board "2"]
[White "Martins De Aguiar, Marina"]
[Black "Alboredo, Julia"]
[Result "0-1"]
[WhiteElo "1713"]
[BlackElo "2183"]
[PlyCount "52"]
[EventDate "2021.10.28"]
[EventRounds "11"]
[EventCountry "BRA"]

1. e4 c5 2. d4 cxd4 3. c3 dxc3 4. Nxc3 Nc6 5. Nf3 e6 6. Bc4 a6 7. O-O b5 8. Bb3
Bb7 9. Bf4 Nge7 10. Qe2 Ng6 11. Bg3 Be7 12. Rfd1 O-O 13. e5 Na5 14. Bc2 Rc8 15.
Ne4 Bd5 16. Nd4 Qb6 17. Nc3 Bb7 18. Qg4 Rc4 19. Nce2 Nc6 20. b3 Nxd4 21. Nxd4
h5 22. Qxh5 Rxd4 23. h4 Qc6 24. f3 Rxd1+ 25. Bxd1 Qc3 26. Rb1 Qd3  0-1

[Event "60o Campeonato Brasileiro Feminino Final Aberta"]
[Site "Cuiaba MT"]
[Date "2021.11.02"]
[Round "8"]
[Board "3"]
[White "Frattini, Beatriz Maria"]
[Black "Librelato, Kathie Goulart"]
[Result "0-1"]
[WhiteElo "1880"]
[BlackElo "2165"]
[PlyCount "98"]
[EventDate "2021.10.28"]
[EventRounds "11"]
[EventCountry "BRA"]

1. e4 e5 2. Nf3 Nc6 3. Bb5 a6 4. Ba4 Nf6 5. O-O Be7 6. Re1 b5 7. Bb3 d6 8. c3
O-O 9. h3 Na5 10. Bc2 c5 11. d4 Nd7 12. Nbd2 exd4 13. cxd4 Nc6 14. d5 Nce5 15.
Nxe5 Nxe5 16. f4 Ng6 17. Nf3 Bh4 18. Nxh4 Qxh4 19. Rf1 f5 20. e5 dxe5 21. fxe5
Nxe5 22. d6 Bb7 23. Bxf5 Qg3 24. Qe2 Nf3+ 25. Rxf3 Bxf3 26. Qxf3 Qe1+ 27. Kh2
Qe5+ 28. Qg3 Rxf5 29. Qxe5 Rxe5 30. Bf4 Rf5 31. Bg3 Kf7 32. Rd1 Rd8 33. Re1 Re8
34. Rd1 Ke6 35. a4 Rd5 36. Re1+ Kd7 37. Rf1 Rxd6 38. Bxd6 Kxd6 39. axb5 axb5
40. Rd1+ Kc6 41. Rd2 Re7 42. Kg3 c4 43. Kf4 b4 44. g4 Kc5 45. Rd8 c3 46. bxc3
bxc3 47. Kf5 Rc7 48. Rd1 c2 49. Rc1 Kd4  0-1

[Event "60o Campeonato Brasileiro Feminino Final Aberta"]
[Site "Cuiaba MT"]
[Date "2021.11.02"]
[Round "8"]
[Board "4"]
[White "Tamarozi, Isabelle"]
[Black "Ichimura G. Barbosa, Larissa Y."]
[Result "0-1"]
[WhiteElo "1981"]
[BlackElo "2007"]
[PlyCount "58"]
[EventDate "2021.10.28"]
[EventRounds "11"]
[EventCountry "BRA"]

1. e4 c5 2. Nf3 d6 3. d4 cxd4 4. Nxd4 Nf6 5. Nc3 a6 6. Be2 e5 7. Nb3 Be7 8. Be3
Be6 9. O-O O-O 10. a4 Nc6 11. f4 exf4 12. Rxf4 Ne5 13. a5 Rc8 14. Ra4 Qd7 15.
Rd4 Nfg4 16. Bc1 Bg5 17. Rxg4 Bxc1 18. Rxd6 Qe7 19. Nxc1 Bxg4 20. Bxg4 Nxg4 21.
Nb3 Qh4 22. h3 Qf2+ 23. Kh1 Ne3 24. Qe2 Qf1+ 25. Kh2 Nc4 26. Qg4 Nxd6 27. Nd4
Qf6 28. Kh1 Rxc3 29. bxc3 Nxe4  0-1

[Event "60o Campeonato Brasileiro Feminino Final Aberta"]
[Site "Cuiaba MT"]
[Date "2021.11.02"]
[Round "8"]
[Board "5"]
[White "Medeiros, Thauane Ferreira"]
[Black "Heinrichs, Vivian"]
[Result "0-1"]
[WhiteElo "1896"]
[BlackElo "1974"]
[PlyCount "116"]
[EventDate "2021.10.28"]
[EventRounds "11"]
[EventCountry "BRA"]

1. d4 Nf6 2. c4 e6 3. Nf3 Bb4+ 4. Nbd2 b6 5. a3 Bxd2+ 6. Qxd2 O-O 7. Qc2 d6 8.
e3 Bb7 9. Bd3 Nbd7 10. O-O e5 11. Ng5 h6 12. Ne4 a5 13. b3 Re8 14. Bb2 Rc8 15.
Rad1 Bxe4 16. Bxe4 exd4 17. Bf5 dxe3 18. fxe3 Rb8 19. Bxd7 Nxd7 20. Qf5 Qe7 21.
Rf3 f6 22. Rdf1 Qf7 23. Rg3 Re6 24. Rf4 Ne5 25. Rh4 Kf8 26. Qh7 f5 27. e4 Rf6
28. Rf4 Qg8 29. Qxg8+ Kxg8 30. Bxe5 dxe5 31. Rxf5 Rbf8 32. Rxf6 Rxf6 33. Rd3
Kf8 34. Rd5 Re6 35. Kf2 Re7 36. c5 Re6 37. b4 axb4 38. axb4 Ke7 39. Ke3 Kf6 40.
b5 c6 41. bxc6 Rxc6 42. cxb6 Rxb6 43. Rd3 Kg5 44. Ra3 g6 45. Rc3 h5 46. Ra3 Kg4
47. Rc3 Rb2 48. h3+ Kg3 49. Rc6 Rxg2 50. Rxg6+ Kxh3 51. Rh6 Rg5 52. Kf3 h4 53.
Re6 Kh2 54. Kf2 h3 55. Ra6 Rg4 56. Kf3 Rf4+ 57. Ke3 Kg3 58. Rg6+ Rg4  0-1

[Event "60o Campeonato Brasileiro Feminino Final Aberta"]
[Site "Cuiaba MT"]
[Date "2021.11.02"]
[Round "8"]
[Board "6"]
[White "Menezes, Grasielle Da Silv"]
[Black "Nunes, Agatha Hurba"]
[Result "0-1"]
[WhiteElo "1868"]
[BlackElo "1797"]
[PlyCount "110"]
[EventDate "2021.10.28"]
[EventRounds "11"]
[EventCountry "BRA"]

1. d4 d5 2. c4 e6 3. Nc3 Nf6 4. Bg5 Be7 5. e3 h6 6. Bh4 O-O 7. Nf3 b6 8. Qd3 c6
9. cxd5 Nxd5 10. Bxe7 Qxe7 11. Nxd5 exd5 12. Rc1 Be6 13. Qc2 Rc8 14. Bd3 Nd7
15. O-O c5 16. dxc5 bxc5 17. Ba6 Rc7 18. Nd4 Ne5 19. Nxe6 Qxe6 20. Be2 Rac8 21.
Qd2 Nd7 22. Rfd1 Nf6 23. Bf3 Qe5 24. Qc3 d4 25. Qd2 dxe3 26. fxe3 c4 27. Qd4
Qa5 28. a3 c3 29. Rxc3 Rxc3 30. bxc3 Rxc3 31. Qd8+ Qxd8 32. Rxd8+ Kh7 33. a4
Rxe3 34. Rd4 a5 35. Kf2 Re5 36. h3 g5 37. Rc4 Kg7 38. Rd4 Rc5 39. Ke3 Kf8 40.
Kd3 Ke7 41. Rc4 Nd7 42. Kd4 Rxc4+ 43. Kxc4 Ne5+ 44. Kc5 Nxf3 45. gxf3 f6 46.
Kc6 h5 47. Kd5 Kd7 48. Kc5 f5 49. Kd5 g4 50. fxg4 fxg4 51. hxg4 hxg4 52. Ke4
Kc6 53. Kf4 Kc5 54. Kxg4 Kb4 55. Kf3 Kxa4  0-1

[Event "60o Campeonato Brasileiro Feminino Final Aberta"]
[Site "Cuiaba MT"]
[Date "2021.11.02"]
[Round "8"]
[Board "7"]
[White "Nakata, Thifanni Harumi"]
[Black "Viaro Baccarin, Natalia"]
[Result "0-1"]
[WhiteElo "1778"]
[BlackElo "1865"]
[PlyCount "106"]
[EventDate "2021.10.28"]
[EventRounds "11"]
[EventCountry "BRA"]

1. d4 d5 2. c4 e6 3. Nc3 c6 4. e3 Nf6 5. Nf3 Bd6 6. b3 Qa5 7. Bd2 Qd8 8. Bd3
Nbd7 9. O-O O-O 10. e4 dxe4 11. Nxe4 Nxe4 12. Bxe4 Nf6 13. Bc2 Qc7 14. Re1 c5
15. dxc5 Bxc5 16. h3 Rd8 17. Qe2 b6 18. Bc3 Bb7 19. Rad1 Qc6 20. Qe5 Be7 21.
Qg5 Qc5 22. Qxc5 Bxc5 23. Ne5 Rxd1 24. Rxd1 Be4 25. Bxe4 Bxf2+ 26. Kxf2 Nxe4+
27. Ke3 Nxc3 28. Rd2 b5 29. cxb5 Nxb5 30. a4 Nc7 31. Rd7 Nd5+ 32. Kd4 f6 33.
Nc6 a6 34. b4 Nb6 35. Rd8+ Rxd8+ 36. Nxd8 e5+ 37. Ke4 Nxa4 38. Nc6 Nc3+ 39. Kd3
Nb5 40. Kc4 Kf7 41. Nb8 Nc7 42. Kc5 Ke7 43. Kc6 Kd8 44. Nd7 Nd5 45. Nc5 Nxb4+
46. Kb6 Ke7 47. Ka5 Nd5 48. Nd3 Nf4 49. Ne1 Kd6 50. Kxa6 Kd5 51. Kb5 Kd4 52.
Kc6 Ke3 53. Kd6 Kf2  0-1

[Event "60o Campeonato Brasileiro Feminino Final Aberta"]
[Site "Cuiaba MT"]
[Date "2021.11.02"]
[Round "8"]
[Board "8"]
[White "Bail, Ellen Larissa"]
[Black "Dias, Juliane De Oliveira"]
[Result "1-0"]
[WhiteElo "1833"]
[BlackElo "1673"]
[PlyCount "79"]
[EventDate "2021.10.28"]
[EventRounds "11"]
[EventCountry "BRA"]

1. d4 d5 2. Nf3 Nf6 3. c4 e6 4. e3 Nbd7 5. Nc3 c6 6. Qc2 Bd6 7. Bd3 O-O 8. O-O
e5 9. cxd5 cxd5 10. dxe5 Nxe5 11. Be2 Bg4 12. Nxe5 Bxe5 13. Bxg4 Nxg4 14. h3
Nf6 15. Rd1 Rc8 16. Qb3 Bxc3 17. bxc3 Qc7 18. Ba3 Rfd8 19. Rac1 b6 20. Rd4 Rd7
21. c4 Qb7 22. cxd5 Rxc1+ 23. Bxc1 Rxd5 24. Rxd5 Qxd5 25. Qxd5 Nxd5 26. Bd2 f6
27. Kf1 Kf7 28. Ke2 Ke6 29. Kd3 Nc7 30. Kc4 g6 31. e4 f5 32. Bf4 Na6 33. exf5+
Kxf5 34. Bd6 Ke6 35. Kb5 Kxd6 36. Kxa6 Kc5 37. Kxa7 b5 38. Ka6 b4 39. Ka5 Kc4
40. Ka4  1-0

[Event "60o Campeonato Brasileiro Feminino Final Aberta"]
[Site "Cuiaba MT"]
[Date "2021.11.02"]
[Round "8"]
[Board "9"]
[White "Flores, Clarice Soares Leite"]
[Black "Kikuchi Cadilhac, Mariana Sawae"]
[Result "1/2-1/2"]
[WhiteElo "1656"]
[BlackElo "1762"]
[PlyCount "77"]
[EventDate "2021.10.28"]
[EventRounds "11"]
[EventCountry "BRA"]

1. d4 d5 2. c4 c6 3. Nf3 Nf6 4. e3 e6 5. Nbd2 Be7 6. Bd3 O-O 7. O-O Nbd7 8. Qe2
c5 9. Re1 cxd4 10. exd4 dxc4 11. Nxc4 Nd5 12. Nce5 N7f6 13. a3 Qb6 14. g4 Ne8
15. g5 Nd6 16. Nc4 Qd8 17. Nxd6 Qxd6 18. Ne5 g6 19. Qe4 Rd8 20. Qh4 Bf8 21. Be3
Bg7 22. Ng4 Qe7 23. Bc4 b6 24. Bxd5 Rxd5 25. Nf6+ Bxf6 26. gxf6 Qd8 27. Qh6 Qf8
28. Red1 Bb7 29. Rac1 Rf5 30. Rc7 Bf3 31. Rdc1 Rxf6 32. Qxf8+ Kxf8 33. Rd7 Rf5
34. Rcc7 a6 35. Bh6+ Ke8 36. Re7+ Kd8 37. Red7+ Ke8 38. Re7+ Kd8 39. Rcd7+
 1/2-1/2

[Event "60o Campeonato Brasileiro Feminino Final Aberta"]
[Site "Cuiaba MT"]
[Date "2021.11.02"]
[Round "8"]
[Board "10"]
[White "Felix, Luiza De Oliveira"]
[Black "Eger, Laura Luisa"]
[Result "1-0"]
[WhiteElo "1599"]
[BlackElo "1767"]
[PlyCount "90"]
[EventDate "2021.10.28"]
[EventRounds "11"]
[EventCountry "BRA"]

1. c4 c6 2. e4 d5 3. exd5 cxd5 4. d4 Nf6 5. Nf3 Nc6 6. c5 Bg4 7. Be2 g6 8. Nc3
Bg7 9. h3 Bf5 10. a3 O-O 11. Bf4 Re8 12. O-O Be4 13. Ne5 Nxe5 14. Bxe5 Nd7 15.
Bxg7 Kxg7 16. Nxe4 dxe4 17. Bb5 a6 18. Ba4 Rf8 19. c6 bxc6 20. Bxc6 Rb8 21. b4
Nf6 22. Re1 Qb6 23. Bxe4 Rfd8 24. Bf3 Rxd4 25. Qc2 e6 26. Red1 Rbd8 27. Rxd4
Rxd4 28. Qc6 Qxc6 29. Bxc6 Rd6 30. Rc1 Nd5 31. Ba4 Nb6 32. Rc6 Rxc6 33. Bxc6
Nc4 34. a4 Kf8 35. Bb7 a5 36. Ba6 Ne5 37. bxa5 Nc6 38. Bb5 Nxa5 39. Kf1 Ke7 40.
Ke2 e5 41. Kd3 Kd6 42. Kc3 Kc5 43. Be8 f5 44. Bf7 g5 45. Bg8 h6 {IlegÃƒÂ­vel}  1-0

[Event "60o Campeonato Brasileiro Feminino Final Aberta"]
[Site "Cuiaba MT"]
[Date "2021.11.02"]
[Round "8"]
[Board "11"]
[White "Reis, Virginia Lagrange M."]
[Black "Do Amaral Vailant, Helena Kether"]
[Result "0-1"]
[WhiteElo "1741"]
[BlackElo "1414"]
[PlyCount "106"]
[EventDate "2021.10.28"]
[EventRounds "11"]
[EventCountry "BRA"]

1. e4 e5 2. Nf3 Nc6 3. Bb5 Bc5 4. Bxc6 dxc6 5. O-O Bd6 6. d3 h6 7. Be3 Bg4 8.
Nbd2 Qe7 9. h4 Bc5 10. Bxc5 Qxc5 11. Nc4 f6 12. Qe2 g5 13. a4 Qe7 14. Qe3 a6
15. b4 h5 16. c3 Be6 17. Nfd2 Nh6 18. d4 Nf7 19. dxe5 Bxc4 20. Nxc4 Nxe5 21.
Nxe5 Qxe5 22. Rad1 g4 23. Qd4 O-O 24. Qxe5 fxe5 25. Rd7 Rf7 26. Rfd1 Rc8 27.
Kf1 Rcf8 28. Rxf7 Rxf7 29. Rd8+ Rf8 30. Rxf8+ Kxf8 31. Ke2 Ke7 32. f3 Kf6 33.
fxg4 hxg4 34. Kf2 b6 35. Ke3 Kg6 36. g3 Kf6 37. Kd3 Ke6 38. Kc4 Kd6 39. a5 Ke6
40. Kb3 Kd7 41. Kc4 Kd6 42. Kb3 bxa5 43. bxa5 Kc5 44. c4 Kd4 45. Kb4 c5+ 46.
Kb3 Kxe4 47. Kc3 Kf3 48. Kd2 Kf2 49. Kd3 Kf3 50. Kd2 e4 51. Ke1 e3 52. Kf1 e2+
53. Ke1 Ke3  0-1

[Event "60o Campeonato Brasileiro Feminino Final Aberta"]
[Site "Cuiaba MT"]
[Date "2021.11.02"]
[Round "8"]
[Board "12"]
[White "Sandrim Juliao, Tais"]
[Black "Da Cunha, Gabriela Goes"]
[Result "1-0"]
[WhiteElo "1712"]
[BlackElo "1588"]
[PlyCount "149"]
[EventDate "2021.10.28"]
[EventRounds "11"]
[EventCountry "BRA"]

1. Nf3 d5 2. c4 dxc4 3. e3 Nf6 4. Bxc4 e6 5. O-O Be7 6. Nc3 O-O 7. Qc2 a6 8. a3
b5 9. Be2 c5 10. d4 cxd4 11. Nxd4 Bb7 12. Bf3 Bxf3 13. Nxf3 Nbd7 14. Qe2 Qc7
15. Bd2 Nc5 16. Rad1 Nb3 17. Bc1 Rfc8 18. Nd4 Nxd4 19. Rxd4 Bc5 20. Rd2 h6 21.
h3 Qb6 22. Rc2 Nd7 23. b4 Be7 24. Bb2 Bf6 25. Ne4 Bxb2 26. Rxb2 Qc6 27. Ng3 Ne5
28. Nh5 Qc3 29. Rfb1 Qd3 30. Qxd3 Nxd3 31. Rb3 Ne5 32. Rd1 Rd8 33. Rxd8+ Rxd8
34. Ng3 Rd1+ 35. Kh2 f5 36. Rc3 Nc4 37. Nh5 Ra1 38. Rd3 Ne5 39. Rd8+ Kf7 40.
Ra8 Rxa3 41. Ra7+ Kf8 42. Nxg7 Nd3 43. Nxe6+ Ke8 44. Rxa6 Rxa6 45. Nc7+ Kd7 46.
Nxa6 Kc8 47. g4 Kb7 48. gxf5 Kxa6 49. f6 Ne5 50. f4 Nf7 51. Kg3 Kb6 52. Kg4 Kc6
53. e4 Kd6 54. Kf5 Nh8 55. e5+ Kd7 56. e6+ Ke8 57. h4 Kf8 58. h5 Ke8 59. Ke5
Kd8 60. Kd6 Ke8 61. Kc6 Nf7 62. exf7+ Kxf7 63. Kxb5 Kxf6 64. Kc6 Kf5 65. b5
Kxf4 66. b6 Kg5 67. b7 Kxh5 68. b8=Q Kg5 69. Qg3+ Kh5 70. Qg2 Kh4 71. Kd5 h5
72. Qg1 Kh3 73. Ke4 h4 74. Qg5 Kh2 75. Qxh4+  1-0

[Event "60o Campeonato Brasileiro Feminino Final Aberta"]
[Site "Cuiaba MT"]
[Date "2021.11.02"]
[Round "8"]
[Board "13"]
[White "De Souza, Eliana Aparecida"]
[Black "Bokhonok, Tatiana Dos Santos Spin"]
[Result "1-0"]
[WhiteElo "1673"]
[BlackElo "1230"]
[PlyCount "113"]
[EventDate "2021.10.28"]
[EventRounds "11"]
[EventCountry "BRA"]

1. e4 e6 2. d4 d5 3. Nd2 Nf6 4. e5 Nfd7 5. Bd3 c5 6. c3 Nc6 7. Ne2 Qb6 8. Nf3
Be7 9. O-O O-O 10. b3 a5 11. Bc2 Qa6 12. Ng3 Qa7 13. Qd3 f5 14. exf6 Nxf6 15.
Bg5 h6 16. Bxf6 Bxf6 17. Nh5 Ne7 18. Nxf6+ Rxf6 19. Qh7+ Kf7 20. Ne5+ Ke8 21.
Qxg7 Rf4 22. Qxh6 Rf8 23. Ng6 Nxg6 24. Bxg6+ Ke7 25. Qg7+ Kd6 26. Qxf8+ Kc6 27.
Qxc5+ Qxc5 28. dxc5 Kxc5 29. Rfe1 Bd7 30. Bh5 Rh8 31. Bg4 Rh6 32. a4 Rg6 33.
Bf3 Kd6 34. Rad1 Bc6 35. c4 Rg5 36. h4 Rg8 37. cxd5 exd5 38. Rd4 Kc5 39. Red1
Rd8 40. h5 Rd6 41. g4 Be8 42. Rxd5+ Rxd5 43. Rxd5+ Kb4 44. g5 Bc6 45. Rd4+ Kc3
46. Bxc6 Kxd4 47. h6 bxc6 48. h7 Kc3 49. h8=Q+ Kxb3 50. Qd4 c5 51. Qxc5 Kxa4
52. g6 Kb3 53. g7 a4 54. g8=R a3 55. Rb8+ Ka2 56. Qc2+ Ka1 57. Qb1#  1-0

[Event "60o Campeonato Brasileiro Feminino Final Aberta"]
[Site "Cuiaba MT"]
[Date "2021.11.02"]
[Round "8"]
[Board "14"]
[White "Montes, Sofia"]
[Black "Zago, Caroline Datora"]
[Result "1/2-1/2"]
[WhiteElo "1836"]
[BlackElo "1634"]
[PlyCount "80"]
[EventDate "2021.10.28"]
[EventRounds "11"]
[EventCountry "BRA"]

1. c4 e5 2. Nc3 f5 3. g3 Nf6 4. Bg2 g6 5. d4 e4 6. f3 exf3 7. Nxf3 d6 8. Bg5
Bg7 9. Nd5 c6 10. Nc3 O-O 11. O-O h6 12. Bf4 g5 13. Be3 Qe7 14. Bf2 Ng4 15. Qd3
Nd7 16. h3 Nxf2 17. Rxf2 Nf6 18. Nd2 Nh5 19. Kh2 Bd7 20. e3 Rae8 21. Nf1 Nf6
22. Rd1 Ne4 23. Nxe4 fxe4 24. Rxf8+ Bxf8 25. Qb3 Bf5 26. c5+ d5 27. Rd2 Bg7 28.
Rf2 Rf8 29. g4 Bc8 30. Rxf8+ Qxf8 31. Ng3 Kh8 32. Qc2 Qf7 33. b4 a6 34. Kg1 Qc7
35. Qf2 Qe7 36. Nf5 Bxf5 37. Qxf5 Qc7 38. a3 Qg3 39. Qc8+ Kh7 40. Qf5+ Kh8
 1/2-1/2

[Event "60o Campeonato Brasileiro Feminino Final Aberta"]
[Site "Cuiaba MT"]
[Date "2021.11.02"]
[Round "8"]
[Board "15"]
[White "Rodio, Julia Brunetto"]
[Black "Brambilla, Renee Blandy T."]
[Result "1-0"]
[WhiteElo "1788"]
[BlackElo "1671"]
[PlyCount "60"]
[EventDate "2021.10.28"]
[EventRounds "11"]
[EventCountry "BRA"]

1. e4 c5 2. Nc3 Nc6 3. g3 g6 4. Bg2 Bg7 5. d3 d6 6. Be3 Nf6 7. h3 Bd7 8. Qd2 h6
9. f4 Nd4 10. Nf3 Qb6 11. O-O Qxb2 12. Nxd4 cxd4 13. Bxd4 Qb4 14. Bxf6 Bxf6 15.
e5 Qd4+ 16. Kh2 dxe5 17. Nd5 exf4 18. Nc7+ Kf8 19. Nxa8 fxg3+ 20. Kh1 Bxh3 21.
Bxh3 Qh4 22. Kg2 Kg7 23. Nc7 Rc8 24. Nd5 Bg5 25. Qe2 e6 26. c4 Rf8 27. Qe5+ f6
28. Qxe6 Qd4 29. Qe2 b5 30. Nc7 f5  1-0